00378nam a2200133Ia 450000500170000000800410001702000150005808200130007310000360008624500350012226000400015730000120019750000350020920250620005348.0240331s9999 xx 000 0 und d a955205558X bHIRa305 a Hiripitiye Pangnakiththi, Himi 0aPurathana bharatheeya kanthawa aColombobS. Godage & Brothersc2002 a140 p., aA book on Ancient Indian Women